| 000 | 01953cam a2200337 a 4500 | ||
|---|---|---|---|
| 999 |
_c30284 _d30284 |
||
| 001 | 17464683 | ||
| 005 | 20190509110447.0 | ||
| 008 | 120913s2013 enk b 001 0 eng | ||
| 010 | _a 2012037293 | ||
| 020 | _a9781444336085 (pbk.) | ||
| 035 | _a(DNLM)101592122 | ||
| 040 |
_aDNLM/DLC _cDLC _dDLC |
||
| 042 | _apcc | ||
| 050 | 0 | 0 |
_aRA651 _bG47 2013 |
| 100 | 1 | _aGerstman, B. Burt. | |
| 245 | 1 | 0 |
_aEpidemiology kept simple : _ban introduction to traditional and modern epidemiology / _cB. Burt Gerstman. |
| 250 | _a3rd ed. | ||
| 260 |
_aChichester, West Sussex : _bJohn Wiley & Sons, _c2013. |
||
| 300 |
_axvi, 461 p. : _bill. ; _c25 cm. |
||
| 504 | _aIncludes bibliographical references and index. | ||
| 650 | 1 | 2 | _aEpidemiology. |
| 650 | 2 | 2 | _aEpidemiologic Methods. |
| 776 | 0 | 8 |
_iE-book version: _aGerstman, B. Burt. _tEpidemiology kept simple _b3rd ed. _dChichester, West Sussex : John Wiley & Sons, 2013 _z9781118525401 _w(DLC) 2012038421 |
| 906 |
_a7 _bcbc _corignew _d1 _eecip _f20 _gy-gencatlg |
||
| 942 |
_2lcc _cBOOKS _hRA 651 .G47 2013 |
||